Loading...

Austrian economy since. /

Bibliographic Details
Main Author: Rothschild, Kw
Language:Undetermined
Published: 1950.
Series:Royal institute of International Affairs (London),Publication.
LEADER 00466nam a2200133Ia 4500
001 103097
008 170722s9999 xx 000 0 und d
100 |a Rothschild, Kw 
245 |a Austrian economy since. / 
260 |c 1950. 
490 |a Royal institute of International Affairs (London),Publication. 
942 |c GEN 
999 |c 42613  |d 42613 
952 |0 0  |1 0  |4 0  |6 X__5931_000000000000000_N4_J0_CR  |7 0  |9 58130  |a LIB  |b LIB  |d 2017-08-12  |o X.5931.N4 J0 (CR)  |p 43152  |r 2017-08-12  |w 2017-08-12  |y GEN